| 000 | 00488nam a2200181Ia 4500 | ||
|---|---|---|---|
| 001 | 1952 | ||
| 005 | 20260306143806.0 | ||
| 008 | 260306t2012||||xx |||||||||||||| ||spa|| | ||
| 041 | _aESP | ||
| 082 |
_a158.4 _bC32 |
||
| 100 |
_aCastiñeira, Ángel _eAUT |
||
| 245 | 0 |
_aEl poliedro del liderazgo: _buna aproximación a la problemática de los valores en el liderazgo |
|
| 260 | _c2012 | ||
| 300 |
_a272 páginas : _c21cm. |
||
| 650 | _aGEN | ||
| 654 | _aCPS | ||
| 942 |
_cLIB _dJUS _fJUS _2ddc _n |
||
| 999 |
_c1952 _d1952 |
||